BASIC STRATEGY IN CONTEXT EUROPEAN TEXT (Record no. 20559)

MARC details
000 -LEADER
fixed length control field 00334nam a2200133Ia 4500
008 - FIXED-LENGTH DATA ELEMENTS--GENERAL INFORMATION
fixed length control field 240624s9999 xx 000 0 und d
041 ## - LANGUAGE CODE
Language code of text/sound track or separate title eng
082 ## - DEWEY DECIMAL CLASSIFICATION NUMBER
Classification number 658.4012 THO
100 ## - MAIN ENTRY--PERSONAL NAME
Personal name THOMSON NEIL
245 ## - TITLE STATEMENT
Title BASIC STRATEGY IN CONTEXT EUROPEAN TEXT
260 ## - PUBLICATION, DISTRIBUTION, ETC.
Date of publication, distribution, etc. 2010
Place of publication, distribution, etc. Sussex
Name of publisher, distributor, etc. Wiley-Blackwell
300 ## - PHYSICAL DESCRIPTION
Extent 422 : p.
365 ## - TRADE PRICE
Currency code
Price amount 30
Holdings
Withdrawn status Lost status Damaged status Not for loan Home library Current library Shelving location Date acquired Source of acquisition Cost, normal purchase price Full call number Barcode Date last seen Copy number Price effective from Koha item type
        IMTN IMTN Rack 27-B 12/05/2012 AP 59.95 658.4012 THO 20559 06/24/2024 57.7 06/24/2024 Books
Designed & Maintained by: LRC IMT Nagpur Contact: lrc@imtnag.ac.in© 2024. All Rights Reserved.